UBT Library

Services Marketing : (Record no. 1277)

000 -LEADER
fixed length control field 00512nam a2200169 4500
008 - FIXED-LENGTH DATA ELEMENTS--GENERAL INFORMATION
fixed length control field 151015b xxu||||| |||| 00| 0 eng d
020 ## - INTERNATIONAL STANDARD BOOK NUMBER
International Standard Book Number 2900071263930
041 0# - LANGUAGE CODE
Language code of text/sound track or separate title eng
080 ## - UNIVERSAL DECIMAL CLASSIFICATION NUMBER
Universal Decimal Classification number 339.138
245 0# - TITLE STATEMENT
Title Services Marketing :
Statement of responsibility, etc Valarie A. Zeithaml,Mary jo Bitner,Dwayne D.Gremler.
250 ## -
-- 5th ed.
260 ## -
-- New York:
-- McGraw-Hill/Irwin
-- 2009.
300 ## -
-- [708] f.;
-- me il.;
-- 26 cm
650 #0 -
-- Marketing
650 #0 -
-- Shërbimet
942 ## - ADDED ENTRY ELEMENTS (KOHA)
Source of classification or shelving scheme
Item type Books
Holdings
Withdrawn status Lost status Source of classification or shelving scheme Damaged status Not for loan Collection code Permanent location Current location Shelving location Date acquired Total Checkouts Full call number Barcode Date last seen Koha item type Price effective from
          Koleksioni i përgjithshem UBT - Lipjan UBT - Lipjan Koleksioni i përgjithshem 10/27/2015   339.138 ZEI 002-008663 10/27/2015 Books  
          Koleksioni i përgjithshem UBT - Lipjan UBT - Lipjan Koleksioni i përgjithshem 12/04/2015   339.138 ZEI 002-008664 12/04/2015 Books 12/04/2015
UBT Library © 2015-2024. All rights reserved University Education for Business and Technology